Labour migration - its drivers and consequences for the economy

Úloha pracovnej migrácie v ekonomike. Ekonomické a neekonomické faktory, ktoré vedú k rozhodnutiu o pracovnej migrácii.

Guardado en:
Detalles Bibliográficos
Autor principal: Szarková, Miroslava, 1951-
Otros Autores: Gertler, Ľubomíra, 1977-
Formato: Capítulo de libro
Lenguaje:inglés
Materias:
Etiquetas: Agregar Etiqueta
Sin Etiquetas, Sea el primero en etiquetar este registro!

MARC

LEADER 00000nla a2200000 4500
001 0165635
005 20240502072903.7
041 0 |a eng 
044 |a SK 
245 1 0 |a Labour migration - its drivers and consequences for the economy  |c Miroslava Szarková, Ľubomíra Gertler 
520 |a Úloha pracovnej migrácie v ekonomike. Ekonomické a neekonomické faktory, ktoré vedú k rozhodnutiu o pracovnej migrácii. 
610 2 0 |a trh práce 
610 2 0 |a migrácia 
610 2 0 |a pohyb síl pracovných medzinárodný 
610 2 0 |a práca v zahraničí 
100 1 |a Szarková, Miroslava, 1951- 
700 1 |a Gertler, Ľubomíra, 1977-